| 000 | 00000nam##2200000za#4500 |
| 001 | 9.662151 |
| 003 | CaOODSP |
| 005 | 20210924140249 |
| 007 | ta |
| 008 | 150407|2000||||xxc||||| f|0| 0 eng|d |
| 020 | |a0-662-65225-8 |
| 040 | |aCaOODSP|beng |
| 041 | |aeng |
| 041 | |afre |
| 043 | |an-cn--- |
| 086 | 1 |aRG52-35/2000 |
| 110 | 1 |aCanada. |bCompetition Bureau. |
| 245 | 10|aImmunity Program under the Competition Act |
| 260 | |aOttawa - Ontario : |bIndustry Canada. |c2000. |
| 300 | |aEnglish text, v, 8p. ; |c28 cm. |
| 546 | |aBilingual |
| 563 | |aSoftcover |
| 590 | |a00-42|b2000-10-20 |
| 690 | 07|aCompetition|2gcpds |
| 690 | 07|aCriminal justice|2gcpds |
| 776 | 0#|tProgramme d'immunité en vertu de la Loi sur la concurrence |w(CaOODSP)9.642034 |
| 776 | 0#|tImmunity Program under the Competition Act |w(CaOODSP)9.698038 |
| 792 | |tProgramme d'Immunité en vertu de la Loi sur la concurrence |efre|w(CaOODSP)9.662152 |
| 986 | |a53212B |